| 000 | 01839nam a2200505 i 4500 | ||
|---|---|---|---|
| 001 | 31129 | ||
| 003 | KOSZ 005 | ||
| 005 | 20210909111414.0 | ||
| 008 | 980713s1996 pl a |000 0 pol | ||
| 015 | _aUWD 1997/13689 | ||
| 035 | _a991005136679705066 | ||
| 035 | _a(PL-WaBN)b11347016-48omnis_nlop | ||
| 035 | _ab11347016 | ||
| 035 | _a(OCoLC)749751965 | ||
| 035 | _acc97212204 | ||
| 035 | _a(PL)b0000001134701 | ||
| 035 | _a(EXLNZ-48OMNIS_NETWORK)9910421295205606 | ||
| 040 |
_aWA N _cWA N _dKOSZ 005/HR |
||
| 041 | 0 |
_apol _beng |
|
| 046 | _k1996 | ||
| 080 | _a7.05.01 | ||
| 100 | 1 |
_aMinczewa-Gospodarek, Kamelia _eAutor |
|
| 245 | 1 | 0 |
_aZ teorii przedmiotu użytkowego : _blinia i punkt : sposoby egzystencji, metamorfozy, transpozycje / _cKamelia Minczewa-Gospodarek ; Instytut Wzornictwa Przemysłowego - Warszawa. |
| 246 | 3 | 0 |
_aLinia i punkt : _bsposoby egzystencji, metamorfozy, transpozycje |
| 260 |
_aWarszawa : _bIWP, _c1996. |
||
| 300 |
_a[2], 38 s. : _bfot., rys. ; _c22 cm. |
||
| 336 |
_aTekst _btxt _2rdacontent |
||
| 337 |
_aBez urządzenia pośredniczącego _bn _2rdamedia |
||
| 338 |
_aWolumin _bnc _2rdacarrier |
||
| 380 | _aKsiążki | ||
| 380 | _aPublikacje naukowe | ||
| 388 | _a1901-2000 | ||
| 388 | _a1989-2000 | ||
| 490 | 1 |
_aBiblioteka Wzornictwa, _x0860-4320 ; _v21 |
|
| 490 | 1 | _aZ teorii przedmiotu użytkowego / Kamelia Minczewa-Gospodarek | |
| 504 | _aBibliogr. s. 34-37. | ||
| 650 | 7 |
_aWzornictwo przemysłowe _2DBN |
|
| 650 | 7 | _aTeoria | |
| 658 | _aKultura i sztuka | ||
| 710 | 2 | _aInstytut Wzornictwa Przemysłowego | |
| 830 | 0 |
_aBiblioteka Wzornictwa _v21 |
|
| 856 |
_uhttp://koha.tu.koszalin.pl/cgi-bin/koha/opac-detail.pl?biblionumber=31129 _yKatalog online BPK |
||
| 942 |
_2UKD _cKS |
||
| 999 |
_c31129 _d31129 |
||